LEADER 00854nam0-22002771i-450 001 990005377340403321 005 20230314115554.0 035 $a000537734 035 $aFED01000537734 035 $a(Aleph)000537734FED01 035 $a000537734 100 $a19990530f---0---9km-y0itay50------ba 101 0 $aita 105 $af-------00--- 200 1 $a<>"Capitolia" dell'Impero Romano$fMichelangelo Cagiano de Azevedo 210 $a[s.l.]$c[s.n.]$d[s.d.] 215 $a76 p., 16 Tav.$d36 cm 225 1 $aMemorie della Pont. Accad. Romana di Archeologia$v5 700 1$aCagiano de Azevedo,$bMichelangelo$f<1912-1981>$0155769 801 0$aIT$bUNINA$gRICA$2UNIMARC 901 $aBK 912 $a990005377340403321 952 $aARCH. P 004 2$bARCH. 15191$fFLFBC 959 $aFLFBC 996 $aCapitolia dell'Impero romano$9282512 997 $aUNINA